La mitad de la verdad : obra poética reunida (1982-2007) /
Guardado en:
| Autor Principal: | |
|---|---|
| Formato: | Libro |
| Publicado: |
Buenos Aires :
Bajo La Luna,
2014
|
| Materias: | |
| Etiquetas: |
Agregar Etiqueta
Sin Etiquetas, Sea el primero en etiquetar este registro!
|
| LEADER | 01019nam a22002655a 4500 | ||
|---|---|---|---|
| 001 | CEM.cems018422 | ||
| 008 | 130507s2014##################000#0#####d | ||
| 005 | 20220214181233.0 | ||
| 003 | CEMS | ||
| 245 | 1 | 0 | |a La mitad de la verdad : |b obra poética reunida (1982-2007) / |c Irene Gruss |
| 260 | |a Buenos Aires : |b Bajo La Luna, |c 2014 | ||
| 300 | |a 352 p. | ||
| 505 | 0 | |a La luz en la ventana -- El mundo incompleto -- La calma -- Sobre el asma -- Solo de contralto -- En el brillo de uno -- En el vidrio de uno -- La dicha -- Poemas irresueltos | |
| 020 | |a 9789871803583 | ||
| 100 | 1 | |a Gruss, Irene | |
| 082 | 0 | 4 | |a A861.4 |
| 653 | |a Literatura | ||
| 653 | |a Literatura argentina | ||
| 653 | |a Poesías | ||
| 653 | |a Poesía argentina | ||
| 653 | |a Colección Juan Gelman | ||
| 653 | |a Biblioteca Juan Gelman | ||
| 859 | |a CEMS |b BIB. CEMS - Agricultura |h A861.4 |i G928 |p A2227.15 |t Ej.1 | ||
| 859 | |a CEMS |b BIB. CEMS - 11 de abril |h A861.4 |i G928 |p 27469.18 |t Ej.1 | ||
| 859 | |a CEMS |b BIB. CEMS - 11 de abril |h A861.4 |i G928 |p 27784.19 |t Ej.2 | ||
